[Event "Flint (MI Senior/4)"]
[Site "?"]
[Date "1991.??.??"]
[Round "?"]
[White "Rosebrook, G."]
[Black "Moore, Robert"]
[Result "1-0"]
[WhiteElo "1605"]
[BlackElo "1775"]
[PlyCount "81"]
[EventDate "1991.??.??"]

1. e4 c5 2. Nf3 d6 3. Nc3 Nf6 4. h3 a6 5. d4 cxd4 6. Nxd4 Nc6 7. Be3 g6 8. Rb1
Bg7 9. Nce2 Nxe4 10. c3 O-O 11. Qc2 d5 12. f3 Nd6 13. g4 e5 14. Nb3 f5 15. f4
fxg4 16. Nc5 Nc4 17. Bf2 exf4 18. Rd1 N6e5 19. Ng1 Re8 20. Ne4 Nf3+ 21. Nxf3
Rxe4+ 22. Qxe4 Bf5 23. Qxd5+ Qxd5 24. Rxd5 Re8+ 25. Kd1 Nxb2+ 26. Kc1 gxf3 27.
Kxb2 Rc8 28. Rc5 Rd8 29. Bc4+ Kf8 30. Rd5 Rc8 31. Bc5+ Rxc5 32. Rxc5 f2 33. Rd1
Ke7 34. Rf1 Bxh3 35. Rxf2 Kd6 36. Rd5+ Kc6 37. Rxf4 Be6 38. Rg5 Bh6 39. Bxe6
Bxg5 40. Rg4 Be7 41. Bg8 1-0

[Event "Ann Arbor (HVA/4/15)"]
[Site "?"]
[Date "1991.??.??"]
[Round "?"]
[White "Rosebrook, G."]
[Black "McGrath, Michael"]
[Result "0-1"]
[WhiteElo "1605"]
[BlackElo "1605"]
[PlyCount "92"]
[EventDate "1991.??.??"]

{4/(15)} 1. e4 c5 2. Nf3 Nc6 3. Bc4 h6 4. c3 e6 5. d4 Nf6 6. Nbd2 Qb6 7. Qb3
Qc7 8. Qc2 d5 9. e5 Ng8 10. Bb5 a6 11. Be2 Nge7 12. O-O Nf5 13. b3 Bd7 14. Rb1
Rc8 15. a4 cxd4 16. Qd3 dxc3 17. Qxc3 Bb4 18. Qb2 Qb6 19. Ne1 Ncd4 20. Ndf3 Rc2
21. Nxc2 Nxe2+ 22. Kh1 Bc3 23. Qa2 O-O 24. Ne3 Nxe3 25. Bxe3 Nd4 26. Bxd4 Bxd4
27. Qd2 Bc5 28. b4 Be7 29. a5 Qa7 30. Nd4 Bg5 31. f4 Bh4 32. Rfc1 b5 33. Rb3
Be7 34. Rg3 Kh8 35. Qb2 Rd8 36. Rgc3 Qxd4 37. Qe2 Qxf4 38. Rf1 Qxb4 39. Rcf3 f5
40. exf6 Bxf6 41. Qd3 Rf8 42. Qa3 Qxa3 43. Rxa3 Be7 44. Rxf8+ Bxf8 45. Rf3 Kg8
46. h3 e5 0-1

[Event "Ann Arbor (HVA/2/9)"]
[Site "?"]
[Date "1991.??.??"]
[Round "?"]
[White "Rosebrook, G."]
[Black "Hawley, T."]
[Result "0-1"]
[WhiteElo "1605"]
[BlackElo "1700"]
[PlyCount "80"]
[EventDate "1991.??.??"]

{2/(9)} 1. e4 e5 2. Nf3 Nc6 3. Bc4 Nf6 4. Nc3 Nxe4 5. Nd5 Bc5 6. O-O O-O 7. d3
Nf6 8. Bg5 Be7 9. Nxe7+ Qxe7 10. Re1 d6 11. h3 Be6 12. Bb3 a5 13. c3 Kh8 14.
Bc2 Qd7 15. Bxf6 gxf6 16. d4 Bxh3 17. Nh4 Qg4 18. Re4 Qxd1+ 19. Rxd1 f5 20. Re3
Bg4 21. f3 f4 22. Re2 Bh5 23. Kf2 f6 24. Rh1 Bf7 25. Ree1 Rg8 26. Rh2 Rg5 27.
Bxh7 Kxh7 28. Reh1 Rh5 29. Nf5 Rxh2 30. Rxh2+ Kg6 31. Nh4+ Kg5 32. g3 fxg3+ 33.
Kxg3 f5 34. Ng2 f4+ 35. Kf2 Rg8 36. Rh7 Kg6 37. Rh1 Kf6 38. b3 Bd5 39. c4 Bxf3
40. Kxf3 Nxd4+ 0-1

[Event "East Lansing (MOR/4)"]
[Site "?"]
[Date "1991.??.??"]
[Round "?"]
[White "Rosebrook, G."]
[Black "Gramlich, Allen"]
[Result "1-0"]
[WhiteElo "1605"]
[BlackElo "1605"]
[PlyCount "63"]
[EventDate "1991.??.??"]

1. e4 e5 2. Nf3 Nc6 3. Bc4 Bc5 4. c3 Nf6 5. d4 exd4 6. cxd4 Bb4+ 7. Nc3 Nxe4 8.
Qb3 Bxc3+ 9. bxc3 Qe7 10. O-O d6 11. Re1 O-O 12. Bg5 Qe8 13. Re3 Bf5 14. Rae1
Na5 15. Qb4 Nxc4 16. Qxc4 c6 17. Nh4 d5 18. Qb4 f6 19. Bf4 g5 20. Nxf5 gxf4 21.
Rf3 Qe6 22. Rxf4 Rfe8 23. Qxb7 Re7 24. Nxe7+ Qxe7 25. Qxa8+ Kf7 26. Qxc6 Qa3
27. Qxd5+ Kg6 28. Qxe4+ Kf7 29. Qe8+ Kg7 30. Rg4+ Kh6 31. Qe3+ Kh5 32. Qh3# 1-0

[Event "Flint (MI Senior/1)"]
[Site "?"]
[Date "1991.??.??"]
[Round "?"]
[White "Rosebrook, G."]
[Black "Emke, Robert"]
[Result "0-1"]
[WhiteElo "1605"]
[BlackElo "1930"]
[PlyCount "76"]
[EventDate "1991.??.??"]

1. e4 e6 2. c3 d5 3. Be2 dxe4 4. Qa4+ Nc6 5. Qxe4 Nf6 6. Qc2 e5 7. d3 h6 8. Nd2
Bf5 9. Nc4 Bc5 10. Be3 Qd5 11. O-O-O Qxc4 12. dxc4 Bxe3+ 13. fxe3 Bxc2 14. Kxc2
e4 15. Nh3 O-O 16. Rhf1 Rad8 17. a3 Rd7 18. Rxd7 Nxd7 19. b4 f5 20. Nf4 Ne7 21.
c5 Ne5 22. Kb3 Kf7 23. a4 Rd8 24. Kc2 g6 25. Nh3 Nd5 26. Kb3 Nxe3 27. Rf2 N3g4
28. Rf1 Nxh2 29. Rh1 Nhg4 30. Nf4 Rd2 31. a5 g5 32. Bxg4 Nxg4 33. Nh3 a6 34. c4
c6 35. Nxg5+ hxg5 36. Rh7+ Kf6 37. Rxb7 e3 38. Rb6 Ne5 0-1

[Event "East Lansing (MOR/6)"]
[Site "?"]
[Date "1991.??.??"]
[Round "?"]
[White "Rosebrook, G."]
[Black "Collins, E."]
[Result "1-0"]
[WhiteElo "1605"]
[BlackElo "1605"]
[PlyCount "163"]
[EventDate "1991.??.??"]

1. e4 e6 2. Nf3 d5 3. c3 dxe4 4. Qa4+ Nc6 5. Qxe4 Nf6 6. Qc2 Bd6 7. d4 e5 8.
Bc4 exd4 9. cxd4 Bg4 10. Nbd2 Bb4 11. O-O Bxd2 12. Nxd2 O-O 13. h3 Bh5 14. Nb3
Nxd4 15. Nxd4 Qxd4 16. Be3 Qh4 17. Rad1 Bxd1 18. Rxd1 a6 19. Rd4 Qh5 20. Be2
Qe5 21. Qd3 Rfe8 22. Bf3 c6 23. a3 Qc7 24. g3 Rad8 25. Bf4 Qb6 26. Rxd8 Qxd8
27. Qb3 Qd7 28. Kg2 b5 29. Qc2 Nd5 30. Bd2 Re5 31. Bg4 f5 32. Bf3 Qe6 33. Qc1
Kf7 34. Qd1 h6 35. Qc1 g5 36. Qc2 Qg6 37. Qd1 Kg8 38. Qc2 Qe6 39. Qd1 Nf6 40.
Bc3 g4 41. Qd8+ Qe8 42. Qxe8+ Rxe8 43. Bxc6 gxh3+ 44. Kxh3 Re6 45. Bb7 Ne4 46.
Bd5 Kf7 47. Bxe6+ Kxe6 48. Bd4 Kd5 49. Be3 Ng5+ 50. Kh4 Nf7 51. Kh5 Ke5 52. Kg6
Ke6 53. Bf4 a5 54. b3 a4 55. b4 Ne5+ 56. Kxh6 Ng4+ 57. Kg5 Nxf2 58. Be3 Ne4+
59. Kf4 Nd6 60. Bc1 Kd5 61. Ke3 Kc4 62. Kf4 Ne4 63. Kf3 Kc3 64. g4 fxg4+ 65.
Kxe4 g3 66. Kf3 Kc2 67. Bf4 Kb2 68. Bxg3 Kxa3 69. Bd6 Kb3 70. Ke3 Kc3 71. Ke4
a3 72. Kd5 Kb3 73. Kc5 Ka4 74. Be5 Kb3 75. Kxb5 a2 76. Kc5 Ka4 77. b5 Ka5 78.
Kc6 Ka4 79. b6 Ka5 80. Kc7 Ka6 81. b7 a1=Q 82. Bxa1 1-0

[Event "East Lansing (MOR/4)"]
[Site "?"]
[Date "1991.??.??"]
[Round "?"]
[White "Rodriguez, Juan"]
[Black "Schmiege, G."]
[Result "0-1"]
[WhiteElo "1605"]
[BlackElo "1605"]
[PlyCount "86"]
[EventDate "1991.??.??"]

1. e4 c5 2. Nf3 d6 3. d4 cxd4 4. Nxd4 Nf6 5. Nc3 a6 6. Bd3 e6 7. Qe2 Be7 8. Bg5
Qb6 9. O-O-O O-O 10. Nb3 Nc6 11. Be3 Qc7 12. g4 Nb4 13. g5 Nxd3+ 14. Rxd3 Ne8
15. Qh5 g6 16. Qh6 f6 17. Bd4 Rf7 18. Rf3 b5 19. Be3 b4 20. Ne2 Bb7 21. Ng3 Rc8
22. Na1 b3 23. axb3 Qa5 24. Kb1 d5 25. Bd4 dxe4 26. Bc3 Qb6 27. Re3 Bf8 28. Qh4
Bc5 29. Re2 e3 30. Rd1 Bf3 31. b4 Be7 32. fxe3 Bxe2 33. Nxe2 Qxe3 34. Nd4 Rxc3
35. bxc3 Qxc3 36. Nxe6 fxg5 37. Qd4 Qa3 38. Qb2 Qh3 39. Qb3 Qxh2 40. Nd8 Bxd8
41. Rxd8 Qe5 42. Qa4 Rf1+ 43. Ka2 Rxa1+ 0-1

[Event "East Lansing (MOR/3)"]
[Site "?"]
[Date "1991.??.??"]
[Round "?"]
[White "Rodriguez, Juan"]
[Black "Schafer, Jurgen"]
[Result "1-0"]
[WhiteElo "1605"]
[BlackElo "1605"]
[PlyCount "69"]
[EventDate "1991.??.??"]

1. e4 e6 2. d4 d5 3. Nc3 Bb4 4. exd5 Qxd5 5. a3 Bxc3+ 6. bxc3 Nf6 7. Nf3 Nc6 8.
Bd3 h6 9. Bf4 Qd8 10. O-O Bd7 11. Re1 O-O 12. Qd2 h5 13. Bg5 g6 14. Qf4 Nd5 15.
Qg3 Nde7 16. Bf6 Nf5 17. Qg5 Nce7 18. Bxf5 Nxf5 19. Bxd8 Raxd8 20. Rab1 b6 21.
Nh4 Kh7 22. Nxf5 exf5 23. Re7 Kg7 24. Rbe1 a6 25. Qf4 c5 26. Qe5+ Kg8 27. d5
Ba4 28. d6 Bxc2 29. d7 Ba4 30. Qc7 Kg7 31. Qe5+ Kh7 32. Qf6 Rxd7 33. Rxd7 Bxd7
34. Re7 Be6 35. Rxe6 1-0

[Event "East Lansing (MOR/7)"]
[Site "?"]
[Date "1991.??.??"]
[Round "?"]
[White "Rodriguez, Juan"]
[Black "Bohnhorst, B."]
[Result "1-0"]
[WhiteElo "1605"]
[BlackElo "1605"]
[PlyCount "51"]
[EventDate "1991.??.??"]

1. d4 c6 2. e4 d5 3. e5 Bf5 4. g4 Be4 5. f3 Bg6 6. h4 h6 7. Bd3 Bxd3 8. Qxd3 e6
9. Nc3 Bb4 10. Nge2 Ne7 11. Bd2 Bxc3 12. Nxc3 a6 13. Na4 Nd7 14. Qa3 b6 15. Bb4
Rc8 16. Bd2 Qc7 17. Nc3 a5 18. Ne2 c5 19. c3 c4 20. Nf4 O-O 21. Qxe7 Rfe8 22.
Qa3 Ra8 23. g5 f6 24. gxh6 Kh7 25. Ke2 Reb8 26. Qe7 1-0

[Event "East Lansing (MOR/1)"]
[Site "?"]
[Date "1991.??.??"]
[Round "?"]
[White "Rodriguez, Juan"]
[Black "Baker, T."]
[Result "1/2-1/2"]
[WhiteElo "1605"]
[BlackElo "1605"]
[PlyCount "91"]
[EventDate "1991.??.??"]

1. Nf3 Nf6 2. c4 d5 3. g3 Bg4 4. Bg2 e6 5. O-O Nbd7 6. b3 c6 7. Bb2 Be7 8. h3
Bxf3 9. Bxf3 dxc4 10. bxc4 Qb6 11. Qc2 O-O-O 12. Nc3 h5 13. a4 a5 14. Rab1 h4
15. g4 Ne5 16. Ne4 Nxf3+ 17. exf3 Qc7 18. c5 Qf4 19. Qb3 Rd7 20. Rfe1 Rhd8 21.
Be5 Qh6 22. Nd6+ Bxd6 23. Bxd6 Nd5 24. Qc4 Qf6 25. Be5 Qe7 26. Qa6 Rc7 27. Qxa5
f6 28. Bxc7 Qxc7 29. Qxc7+ Nxc7 30. Rb2 Rd3 31. Re3 Rd5 32. Reb3 b5 33. cxb6
Na6 34. f4 Nc5 35. b7+ Kb8 36. Rc3 Nxa4 37. Rxc6 Nxb2 38. Rc8+ Kxb7 39. Re8
Rxd2 40. Rxe6 Kc8 41. f5 Nd3 42. Rd6 Rd1+ 43. Kh2 Nb2 44. Rxd1 Nxd1 45. Kg2 Kd7
46. Kf3 1/2-1/2

[Event "Detroit (HPO/5/20)"]
[Site "?"]
[Date "1991.??.??"]
[Round "?"]
[White "Rincon, Helio"]
[Black "Walker, LeRoy"]
[Result "1-0"]
[WhiteElo "1800"]
[BlackElo "1605"]
[PlyCount "109"]
[EventDate "1991.??.??"]

{5/(20)} 1. e4 c6 2. d4 d5 3. e5 e6 4. Bd3 c5 5. c3 cxd4 6. cxd4 Nc6 7. Ne2 Nb4
8. O-O Nxd3 9. Qxd3 Ne7 10. Bg5 Qc7 11. Nbc3 a6 12. Rac1 Nc6 13. Na4 h6 14. Bd2
Be7 15. Qg3 g6 16. Nf4 g5 17. Nh5 Rg8 18. Qd3 Rg6 19. f4 g4 20. Ng3 f5 21. exf6
Rxf6 22. Nh5 Rf7 23. Qg6 Bf8 24. Nf6+ Kd8 25. Ba5 Qxa5 26. Qxf7 Be7 27. Rxc6
bxc6 28. Qe8+ Kc7 29. Qxe7+ Kb8 30. Qd6+ Qc7 31. Qc5 Ra7 32. Rc1 Bb7 33. Qf8+
Bc8 34. Rc5 Rb7 35. Ne8 Qe7 36. Qxe7 Rxe7 37. Nf6 Kc7 38. Nxg4 h5 39. Ne5 Bb7
40. Kf2 Re8 41. Kf3 Rg8 42. Nc3 h4 43. Ne2 Rg7 44. Ng1 Rg8 45. Nh3 Kd6 46. Ng5
Ra8 47. b4 a5 48. Rxa5 Rxa5 49. bxa5 Ba6 50. Ngf7+ Kc7 51. Kg4 Bb5 52. Kxh4 Kb7
53. g4 Ba4 54. Nd8+ Ka6 55. Nxe6 1-0

[Event "Detroit (HPO/3/22)"]
[Site "?"]
[Date "1991.??.??"]
[Round "?"]
[White "Rincon, Helio"]
[Black "Sturgis, Derreck"]
[Result "1-0"]
[WhiteElo "1800"]
[BlackElo "1605"]
[PlyCount "43"]
[EventDate "1991.??.??"]

{3/(22)} 1. e4 c5 2. Nf3 Nc6 3. d4 cxd4 4. Nxd4 Nf6 5. Nc3 e5 6. Nf3 Bb4 7. Bc4
Bxc3+ 8. bxc3 Nxe4 9. Qd5 Nd6 10. Qxd6 Qe7 11. Ba3 Qxd6 12. Bxd6 a6 13. O-O-O
b5 14. Bd5 Ra7 15. Rhe1 f6 16. Nh4 Bb7 17. Bc5 Ra8 18. Nf5 Kd8 19. Be6 Kc7 20.
Rxd7+ Kb8 21. Red1 g6 22. Ne7 1-0

[Event "Detroit (HPO/1/30)"]
[Site "?"]
[Date "1991.??.??"]
[Round "?"]
[White "Rincon, Helio"]
[Black "Fluellen, Nathaniel"]
[Result "1-0"]
[WhiteElo "1800"]
[BlackElo "1605"]
[PlyCount "55"]
[EventDate "1991.??.??"]

{1/(30)} 1. e4 e5 2. Nf3 Nc6 3. Bb5 Nge7 4. O-O a6 5. Ba4 b5 6. Bb3 Ng6 7. c3
Be7 8. d4 O-O 9. Re1 Nh4 10. Nxe5 Nxe5 11. dxe5 Bg5 12. Nd2 Qe7 13. g3 Qxe5 14.
gxh4 Bxh4 15. Nf3 Bxf2+ 16. Kxf2 Qe7 17. Bg5 Qe8 18. Qd5 Rb8 19. Rad1 c6 20.
Qd6 Rb7 21. Be7 h6 22. Ne5 a5 23. Bxf8 a4 24. Bxf7+ Qxf7+ 25. Nxf7 Kxf7 26.
Qe7+ Kg6 27. Rg1+ Kh7 28. Qxg7# 1-0

[Event "Ann Arbor (HVA/5/3)"]
[Site "?"]
[Date "1991.??.??"]
[Round "?"]
[White "Rhee, William"]
[Black "Tobis, B."]
[Result "1-0"]
[WhiteElo "1890"]
[BlackElo "1700"]
[PlyCount "63"]
[EventDate "1991.??.??"]

{5/(3)} 1. e4 c5 2. Nf3 d6 3. d4 cxd4 4. Nxd4 Nf6 5. Nc3 g6 6. Be3 Bg7 7. f3
O-O 8. Qd2 a6 9. Bh6 Nc6 10. Bxg7 Kxg7 11. O-O-O Bd7 12. g4 Ne5 13. h4 b5 14.
h5 Nxf3 15. Nxf3 Bxg4 16. hxg6 h5 17. e5 dxe5 18. Qg5 Qe8 19. gxf7+ Kxf7 20.
Nxe5+ Ke6 21. Bh3 Rg8 22. Qe3 Bxh3 23. Qxh3+ Ng4 24. Rhe1 Kf5 25. Qf3+ Kg5 26.
Nf7+ Kg6 27. Re6+ Kg7 28. Nd6 Qf8 29. Nf5+ Kh8 30. Ne4 Rg7 31. Rh1 Qf7 32. Rxe7
1-0

[Event "Ann Arbor (HVA/3/6)"]
[Site "?"]
[Date "1991.??.??"]
[Round "?"]
[White "Rhee, William"]
[Black "Griffin, John"]
[Result "1-0"]
[WhiteElo "1890"]
[BlackElo "1605"]
[PlyCount "37"]
[EventDate "1991.??.??"]

{3/(6)} 1. e4 c5 2. d4 cxd4 3. c3 dxc3 4. Nxc3 Nc6 5. Nf3 e6 6. Bc4 a6 7. O-O
Nf6 8. Qe2 b5 9. Bb3 Bc5 10. e5 Ng8 11. Rd1 Nge7 12. Ne4 Ba7 13. Nd6+ Kf8 14.
Ng5 Qb6 15. Be3 Qb8 16. Ngxf7 Kg8 17. Qf3 Ng6 18. Nh6+ gxh6 19. Qf7# 1-0

[Event "Detroit (HPO/1/16)"]
[Site "?"]
[Date "1991.??.??"]
[Round "?"]
[White "Repkin, Victor"]
[Black "Vaughn, Gerald"]
[Result "1-0"]
[WhiteElo "2055"]
[BlackElo "1605"]
[PlyCount "51"]
[EventDate "1991.??.??"]

{1/(16)} 1. d4 d5 2. Nf3 Nf6 3. g3 c5 4. Bg2 cxd4 5. Nxd4 Nc6 6. O-O e5 7. Nxc6
bxc6 8. c4 Bd6 9. Nc3 Be6 10. cxd5 cxd5 11. Nxd5 Nxd5 12. Bxd5 Bxd5 13. Qxd5
O-O 14. Rd1 Bc7 15. Be3 Re8 16. Qc6 Qc8 17. Rd7 Bb6 18. Qd5 Re6 19. Rc1 Qe8 20.
Bxb6 axb6 21. Rcc7 Rf6 22. Rxf7 Rxf7 23. Rxf7 Rd8 24. Rd7+ Kf8 25. Rxd8 Qxd8
26. Qxd8+ 1-0

[Event "Detroit (HPO/3/9)"]
[Site "?"]
[Date "1991.??.??"]
[Round "?"]
[White "Repkin, Victor"]
[Black "Hendricks, Marcus"]
[Result "0-1"]
[WhiteElo "2055"]
[BlackElo "1990"]
[PlyCount "72"]
[EventDate "1991.??.??"]

{3/(9)} 1. d4 d5 2. Nf3 Nf6 3. g3 Bf5 4. Bg2 h6 5. O-O e6 6. c4 c6 7. Qb3 Qc8
8. Bf4 Be7 9. Nc3 O-O 10. Rfc1 Nbd7 11. Ne5 Nxe5 12. dxe5 dxc4 13. Qxc4 Nd7 14.
e4 Bh7 15. g4 Qb8 16. Qd4 Rd8 17. Nd1 Nc5 18. Qe3 Nd3 19. Rc2 Nxf4 20. Qxf4 Bf6
21. Rc5 b6 22. Rxc6 Bxe5 23. Qf3 Bxh2+ 24. Kh1 Be5 25. Rac1 Qb7 26. b4 Qa6 27.
Nc3 Rd3 28. Qe2 Rad8 29. b5 Qa3 30. Nb1 Qe7 31. Rc8 R3d7 32. Nd2 Bf4 33. R1c2
Rxd2 34. Rxd2 Rxc8 35. Rc2 Rxc2 36. Qxc2 Qc7 0-1

[Event "Detroit (HPO/4/19)"]
[Site "?"]
[Date "1991.??.??"]
[Round "?"]
[White "Repkin, Victor"]
[Black "Duke, D."]
[Result "1-0"]
[WhiteElo "2055"]
[BlackElo "1605"]
[PlyCount "65"]
[EventDate "1991.??.??"]

{4/(19)} 1. e4 d6 2. d4 Bd7 3. c4 e5 4. d5 Nf6 5. Nc3 c6 6. Bg5 Be7 7. Bd3 b5
8. cxb5 cxd5 9. Bxf6 Bxf6 10. Nxd5 O-O 11. Ne2 Be6 12. Nec3 Nd7 13. O-O Nb6 14.
Be2 Nxd5 15. Nxd5 Bxd5 16. Qxd5 Rc8 17. Rac1 Qd7 18. Rc6 Rxc6 19. bxc6 Qc7 20.
Rd1 Be7 21. Bc4 h6 22. Rd3 Bh4 23. Rb3 Qe7 24. g3 Bg5 25. h4 Bf6 26. Rb7 Qd8
27. Rxf7 Rxf7 28. Qxf7+ Kh7 29. Qg8+ Qxg8 30. Bxg8+ Kxg8 31. c7 d5 32. c8=Q+
Kf7 33. exd5 1-0

[Event "Flint (MI Senior/4)"]
[Site "?"]
[Date "1991.??.??"]
[Round "?"]
[White "Repas, B."]
[Black "Shields, S."]
[Result "1-0"]
[WhiteElo "1605"]
[BlackElo "1605"]
[PlyCount "41"]
[EventDate "1991.??.??"]

1. e4 e5 2. f4 d6 3. Nf3 Bg4 4. Bc4 Nf6 5. d3 c5 6. fxe5 dxe5 7. Bg5 Nbd7 8.
O-O a6 9. a4 Bd6 10. Nc3 O-O 11. Nd5 h6 12. Bh4 Be7 13. h3 Bxf3 14. Rxf3 Nb6
15. Nxf6+ Bxf6 16. Bxf6 gxf6 17. Rg3+ Kh8 18. Qh5 Kh7 19. Bxf7 Rxf7 20. Qxf7+
Kh8 21. Qg7# 1-0

[Event "East Lansing (MOR/2)"]
[Site "?"]
[Date "1991.??.??"]
[Round "?"]
[White "Repas, B."]
[Black "Shields, S."]
[Result "1-0"]
[WhiteElo "1605"]
[BlackElo "1605"]
[PlyCount "71"]
[EventDate "1991.??.??"]

1. e4 e5 2. f4 Nc6 3. Nf3 d5 4. exd5 Qxd5 5. Nc3 Qd8 6. fxe5 Bg4 7. Be2 g6 8.
d4 Bxf3 9. Bxf3 Nge7 10. Ne2 Nd5 11. O-O Bg7 12. c4 Ndb4 13. a3 Na6 14. Bxc6+
bxc6 15. Qa4 Nb8 16. Qb3 O-O 17. Qb7 Nd7 18. Qxc6 Re8 19. Rb1 Re6 20. Qf3 f6
21. Bg5 Qe8 22. Bxf6 Nxf6 23. exf6 Rxf6 24. Qd5+ Kh8 25. Rxf6 Bxf6 26. Qf3 Qf8
27. Rf1 Re8 28. Kh1 Kg7 29. g3 Re6 30. Nf4 Rd6 31. Nd5 c6 32. Nxf6 Rxd4 33.
Nh5+ gxh5 34. Qxf8+ Kg6 35. Qg8+ Kh6 36. Rf6# 1-0

[Event "Flint (MI Senior/3)"]
[Site "?"]
[Date "1991.??.??"]
[Round "?"]
[White "Repas, B."]
[Black "Rostrom, Richard"]
[Result "0-1"]
[WhiteElo "1605"]
[BlackElo "1715"]
[PlyCount "86"]
[EventDate "1991.??.??"]

1. e4 c6 2. d4 d5 3. Nc3 dxe4 4. Nxe4 Bf5 5. Nc5 Qc7 6. Nb3 Nd7 7. Nf3 Ngf6 8.
Bc4 e6 9. c3 Be7 10. O-O Bg4 11. Be2 O-O 12. Bg5 Nb6 13. Ne5 Bxe2 14. Qxe2 Nfd5
15. Bd2 Nd7 16. f4 Nxe5 17. fxe5 Qd8 18. Qg4 Kh8 19. Rf3 b5 20. Rg3 Rg8 21. Rf1
Qe8 22. Qh5 f5 23. Qf3 g5 24. h3 f4 25. Rg4 h5 26. c4 hxg4 27. Qxg4 Ne3 28.
Bxe3 fxe3 29. Qe2 Qg6 30. Qxe3 Raf8 31. Re1 Rf5 32. Re2 Rgf8 33. Nd2 g4 34. Ne4
Bg5 35. Nxg5 Rxg5 36. Kh2 g3+ 37. Kg1 Rgf5 38. Re1 Rf2 39. Qc1 Rc2 40. Qd1 Rff2
41. d5 Rxg2+ 42. Kh1 Rh2+ 43. Kg1 Rcg2+ 0-1

[Event "East Lansing (MOR/4)"]
[Site "?"]
[Date "1991.??.??"]
[Round "?"]
[White "Repas, B."]
[Black "Neff, M."]
[Result "0-1"]
[WhiteElo "1605"]
[BlackElo "1700"]
[PlyCount "64"]
[EventDate "1991.??.??"]

1. e4 c5 2. b4 e6 3. Bb2 Nc6 4. bxc5 e5 5. c3 Bxc5 6. Nf3 Qc7 7. Na3 Nf6 8. d3
Ng4 9. d4 exd4 10. Nb5 Qa5 11. Nfxd4 O-O 12. Nb3 Bxf2+ 13. Kd2 Qb6 14. N5d4
Be3+ 15. Kc2 Nf2 16. Qe2 Bxd4 17. cxd4 Nxh1 18. Bc3 d5 19. e5 Bf5+ 20. Kb2 Rac8
21. g4 Bxg4 22. Qxg4 Nf2 23. Qg2 Ne4 24. Bd3 Nxc3 25. Rb1 Na4+ 26. Ka1 g6 27.
Qxd5 Ne7 28. Qg2 Rc3 29. Bc2 Rfc8 30. Rc1 Nf5 31. Bxf5 Rxc1+ 32. Nxc1 Rxc1+ 0-1

[Event "East Lansing (MOR/6)"]
[Site "?"]
[Date "1991.??.??"]
[Round "?"]
[White "Repas, B."]
[Black "Demers, J."]
[Result "0-1"]
[WhiteElo "1605"]
[BlackElo "1605"]
[PlyCount "36"]
[EventDate "1991.??.??"]

1. e4 e5 2. Nf3 Nc6 3. Nc3 Nf6 4. Bb5 a6 5. Ba4 b5 6. Bb3 Na5 7. d3 Nxb3 8.
axb3 d6 9. Bg5 Be7 10. Nd5 Nxd5 11. h4 Nf6 12. c4 h6 13. Bxf6 Bxf6 14. Kd2 Bg4
15. g3 Qd7 16. Ke3 Bh5 17. Qb1 Qg4 18. Nd2 Qe2# 0-1

[Event "East Lansing (MOR/5)"]
[Site "?"]
[Date "1991.??.??"]
[Round "?"]
[White "Randall, Paul"]
[Black "Vorhauer, Sam"]
[Result "1-0"]
[WhiteElo "1605"]
[BlackElo "1605"]
[PlyCount "105"]
[EventDate "1991.??.??"]

1. d4 d5 2. c4 c6 3. Nc3 Nf6 4. f3 e6 5. e4 dxe4 6. fxe4 Bb4 7. Qd3 e5 8. d5
Bxc3+ 9. bxc3 Qd6 10. Nf3 Nbd7 11. Qc2 O-O 12. Bd3 c5 13. O-O Re8 14. Qf2 Nf8
15. Nh4 Ng6 16. Nf5 Bxf5 17. Qxf5 Qd7 18. Bg5 Qxf5 19. exf5 Nf8 20. Bxf6 gxf6
21. Be4 Nd7 22. d6 Rab8 23. Rab1 b6 24. a4 Kh8 25. Rf2 Rg8 26. Rfb2 Rg4 27. Bc6
Rxc4 28. Bxd7 Rd8 29. Bb5 Rf4 30. d7 Rxf5 31. a5 e4 32. axb6 axb6 33. Bc6 e3
34. Rxb6 Rg5 35. Rb8 Rgg8 36. Rxd8 Rxd8 37. Re1 Kg7 38. Rxe3 f5 39. Re8 Rxd7
40. Bxd7 c4 41. Rc8 Kf6 42. Rxc4 h6 43. Rd4 Ke5 44. Rd1 f4 45. c4 h5 46. c5 h4
47. c6 f5 48. c7 h3 49. c8=Q hxg2 50. Qe8+ Kf6 51. Rd6+ Kg7 52. Rg6+ Kh7 53.
Qg8# 1-0

[Event "East Lansing (MOR/2)"]
[Site "?"]
[Date "1991.??.??"]
[Round "?"]
[White "Randall, Paul"]
[Black "Mech, R."]
[Result "0-1"]
[WhiteElo "1605"]
[BlackElo "1605"]
[PlyCount "66"]
[EventDate "1991.??.??"]

1. d4 d5 2. c4 e6 3. Nc3 Nf6 4. Bg5 Nbd7 5. Nf3 c6 6. e3 Qa5 7. Qc2 Bb4 8. Bd3
Ne4 9. Bf4 Nxc3 10. bxc3 Bxc3+ 11. Ke2 Bxa1 12. Rxa1 Nf6 13. a4 c5 14. Be5 Bd7
15. Kf1 cxd4 16. cxd5 Rc8 17. Qb2 Qc3 18. Qb1 exd5 19. Bxd4 Qc7 20. Bxa7 O-O
21. Bd4 Ne4 22. Bxe4 dxe4 23. Qxe4 Bc6 24. Qg4 f6 25. Nh4 Bd7 26. Qe4 Qc4+ 27.
Ke1 Qb4+ 28. Kf1 Bxa4 29. Rb1 Qd2 30. f3 Bc2 31. Qe6+ Kh8 32. Rxb7 Bd3+ 33. Kg1
Qe1# 0-1

[Event "East Lansing (MOR/7)"]
[Site "?"]
[Date "1991.??.??"]
[Round "?"]
[White "Randall, Paul"]
[Black "Borhani-Azar, C."]
[Result "0-1"]
[WhiteElo "1605"]
[BlackElo "1605"]
[PlyCount "60"]
[EventDate "1991.??.??"]

1. d4 d5 2. c4 e6 3. Nc3 Nf6 4. Bg5 Bb4 5. f3 h6 6. Bh4 Nc6 7. a3 Bxc3+ 8. bxc3
dxc4 9. e4 g5 10. Bf2 b6 11. Bxc4 Bb7 12. Ne2 Qe7 13. O-O O-O-O 14. Qd3 e5 15.
Ba6 exd4 16. Bxb7+ Kxb7 17. cxd4 Ne5 18. Qc3 Ng6 19. d5 Nxd5 20. exd5 Qxe2 21.
Qc6+ Kb8 22. Rfc1 Rc8 23. Rc2 Qe8 24. Qc3 Qd7 25. a4 Qxd5 26. a5 Rhd8 27. axb6
cxb6 28. Qa3 Rxc2 29. Qxa7+ Kc8 30. Qxb6 Qd1+ 0-1

[Event "East Lansing (MOR/3)"]
[Site "?"]
[Date "1991.??.??"]
[Round "?"]
[White "Puryear, Douglas"]
[Black "Winkelspecht, A."]
[Result "0-1"]
[WhiteElo "1605"]
[BlackElo "1605"]
[PlyCount "50"]
[EventDate "1991.??.??"]

1. e4 c6 2. d4 d5 3. exd5 cxd5 4. Bb5+ Nc6 5. Nf3 Bf5 6. Ne5 Qb6 7. Nc3 e6 8.
O-O Bb4 9. Bd2 Bxc3 10. Bxc6+ bxc6 11. Bxc3 Nf6 12. g4 Bg6 13. h4 h6 14. Nxg6
fxg6 15. g5 hxg5 16. hxg5 Ne4 17. Qf3 Nxg5 18. Qg4 Nh3+ 19. Kg2 Ke7 20. Qxg6
Nf4+ 21. Kf3 Nxg6 22. Rg1 Raf8+ 23. Ke2 Nf4+ 24. Kf1 Qb5+ 25. Ke1 Qe2# 0-1

[Event "Detroit (HPO/4/18)"]
[Site "?"]
[Date "1991.??.??"]
[Round "?"]
[White "Puryear, Douglas"]
[Black "Manion, Tom"]
[Result "0-1"]
[WhiteElo "1605"]
[BlackElo "1865"]
[PlyCount "66"]
[EventDate "1991.??.??"]

{4/(18)} 1. e4 e5 2. Nf3 Nf6 3. Nc3 Bb4 4. d3 Nc6 5. Bd2 d5 6. exd5 Nxd5 7.
Nxd5 Qxd5 8. Be2 Bg4 9. O-O O-O-O 10. c3 Be7 11. Re1 f5 12. Be3 f4 13. Bc1 Bf5
14. h3 h5 15. b3 g5 16. Bb2 g4 17. hxg4 hxg4 18. Nh2 Rxh2 19. Kxh2 g3+ 20. Kg1
gxf2+ 21. Kxf2 Bh4+ 22. Kf1 Qc5 23. d4 exd4 24. Qd2 dxc3 25. Qxf4 cxb2 26. Qxh4
bxa1=Q 27. Rxa1 Qe5 28. Re1 Rh8 29. Bg4 Qf4+ 30. Qf2 Rh1+ 31. Ke2 Bxg4+ 32. Kd3
Qxf2 33. Rxh1 Qd4+ 0-1

[Event "East Lansing (MOR/6)"]
[Site "?"]
[Date "1991.??.??"]
[Round "?"]
[White "Puryear, Douglas"]
[Black "Grzegorczyk, Ron"]
[Result "1-0"]
[WhiteElo "1605"]
[BlackElo "1735"]
[PlyCount "99"]
[EventDate "1991.??.??"]

1. e4 c5 2. Nf3 Nc6 3. Bc4 Nf6 4. Nc3 d6 5. h3 e6 6. O-O Be7 7. d4 O-O 8. d5
exd5 9. Bxd5 a6 10. Bf4 b5 11. Bxc6 Ra7 12. Bd5 Be6 13. Re1 Qc7 14. e5 Nxd5 15.
Nxd5 Bxd5 16. Qxd5 dxe5 17. Bxe5 Qd7 18. Qxd7 Rxd7 19. Bf4 Bf6 20. c3 b4 21.
Be5 Bxe5 22. Rxe5 bxc3 23. bxc3 Rc7 24. Rae1 g6 25. Re7 Rc6 26. Ra7 Rd6 27.
Ree7 Rd1+ 28. Kh2 Rf1 29. Kg3 h5 30. Ng5 h4+ 31. Kf3 Rc1 32. Nxf7 Rxc3+ 33. Ke2
Rc2+ 34. Kd3 Rxf7 35. Rxf7 Rxa2 36. Rfc7 Rxf2 37. Rc8+ Rf8 38. Rxf8+ Kxf8 39.
Rxa6 Kf7 40. Rc6 Kg7 41. Rxc5 Kh6 42. Ke4 Kh7 43. Kf4 Kh6 44. Kg4 Kh7 45. Kxh4
Kh6 46. g4 Kh7 47. Kg5 Kg7 48. Rc7+ Kh8 49. Kxg6 Kg8 50. Rc8# 1-0